000 00338 a2200145 4500
001 169955
020 _a
040 _cMagnum
100 _aEstrela, Maria Teresa (Org.)
240 1 0 _aViver e construir a profissao docente
_lpor
245 1 0 _aViver e construir a profissao docente
362 0 _a1899
697 _aENSINO
942 _cBK
999 _c169955
_d169955